Statistiques concernant Quoi de 9? - Puzzle de mots #2

Cliquez ici pour prendre le quiz!

Statistiques générales

  • Ce quiz a été pris 10 612 fois
  • Le résultat moyen est 3 sur 7

Statistiques - réponses

#Réponse% Correct
3Non
100%
4Néon | None
91%
5Néons | Nones | Sonne
90%
6Menons
28%
7Amenons | Emanons | Mannose
19%
8Amenions | Anémions | Emanions | Monnaies | Onanisme
12%
9Maisonnée
6%

Distribution des résultats

Percentile par nombre de réponses

% des personnes avec chaque résultat

Votre développement - résultats

Vous n’avez pas pris ce quiz